<?xml version="1.0" encoding="UTF-8"?>
<record
    xmlns:xsi="http://www.w3.org/2001/XMLSchema-instance"
    xsi:schemaLocation="http://www.loc.gov/MARC21/slim http://www.loc.gov/standards/marcxml/schema/MARC21slim.xsd"
    xmlns="http://www.loc.gov/MARC21/slim">

  <leader>00401nam a2200145Ia 4500</leader>
  <controlfield tag="008">230411s9999    xx            000 0 und d</controlfield>
  <datafield tag="020" ind1=" " ind2=" ">
    <subfield code="a">81-7042-008-3</subfield>
  </datafield>
  <datafield tag="041" ind1=" " ind2=" ">
    <subfield code="a">eng</subfield>
  </datafield>
  <datafield tag="082" ind1=" " ind2=" ">
    <subfield code="a">OG/618.1/HOW/BOU/B00140</subfield>
  </datafield>
  <datafield tag="100" ind1=" " ind2=" ">
    <subfield code="a">Howkins &amp; Bourne</subfield>
    <subfield code="9">176407</subfield>
  </datafield>
  <datafield tag="245" ind1=" " ind2=" ">
    <subfield code="a">Shaws Textbook of Gynaecology</subfield>
  </datafield>
  <datafield tag="260" ind1=" " ind2=" ">
    <subfield code="b">B I Churchill Living Stone</subfield>
    <subfield code="a">New Delhi</subfield>
    <subfield code="c">1989</subfield>
  </datafield>
  <datafield tag="300" ind1=" " ind2=" ">
    <subfield code="a">595p</subfield>
  </datafield>
  <datafield tag="999" ind1=" " ind2=" ">
    <subfield code="c">151659</subfield>
    <subfield code="d">151659</subfield>
  </datafield>
  <datafield tag="952" ind1=" " ind2=" ">
    <subfield code="0">0</subfield>
    <subfield code="1">0</subfield>
    <subfield code="4">0</subfield>
    <subfield code="7">0</subfield>
    <subfield code="8">OG</subfield>
    <subfield code="a">BTIN</subfield>
    <subfield code="b">BTIN</subfield>
    <subfield code="d">2000-07-21</subfield>
    <subfield code="e">S.K.Kothari,Pune.</subfield>
    <subfield code="g">135.00</subfield>
    <subfield code="i">5158</subfield>
    <subfield code="l">0</subfield>
    <subfield code="o">OG 618.1 HOW BOU B00140</subfield>
    <subfield code="p">BTIN-BK-140</subfield>
    <subfield code="r">2023-04-11 00:00:00</subfield>
    <subfield code="v">135.00</subfield>
    <subfield code="w">2001-08-30</subfield>
    <subfield code="y">BK</subfield>
    <subfield code="z">B00140</subfield>
  </datafield>
  <datafield tag="952" ind1=" " ind2=" ">
    <subfield code="0">0</subfield>
    <subfield code="1">0</subfield>
    <subfield code="4">0</subfield>
    <subfield code="7">0</subfield>
    <subfield code="8">OG</subfield>
    <subfield code="a">BTIN</subfield>
    <subfield code="b">BTIN</subfield>
    <subfield code="d">2001-08-30</subfield>
    <subfield code="e">S.K.Kothari,Pune.</subfield>
    <subfield code="g">125.00</subfield>
    <subfield code="i">5158</subfield>
    <subfield code="l">0</subfield>
    <subfield code="o">OG 618.1 HOW BOU B00505</subfield>
    <subfield code="p">BTIN-BK-505</subfield>
    <subfield code="r">2023-04-11 00:00:00</subfield>
    <subfield code="v">125.00</subfield>
    <subfield code="w">2001-08-30</subfield>
    <subfield code="y">BK</subfield>
    <subfield code="z">B00505</subfield>
  </datafield>
  <datafield tag="952" ind1=" " ind2=" ">
    <subfield code="0">0</subfield>
    <subfield code="1">0</subfield>
    <subfield code="4">0</subfield>
    <subfield code="7">0</subfield>
    <subfield code="8">OG</subfield>
    <subfield code="a">BTIN</subfield>
    <subfield code="b">BTIN</subfield>
    <subfield code="d">2006-07-28</subfield>
    <subfield code="e">B.J.Medical Co-oprative College Stores</subfield>
    <subfield code="g">450.00</subfield>
    <subfield code="i">5158</subfield>
    <subfield code="l">0</subfield>
    <subfield code="o">OG 618.1 HOW BOU B03537</subfield>
    <subfield code="p">BTIN-BK-3537</subfield>
    <subfield code="r">2023-04-11 00:00:00</subfield>
    <subfield code="v">338.00</subfield>
    <subfield code="w">2001-08-30</subfield>
    <subfield code="y">BK</subfield>
    <subfield code="z">B03537</subfield>
  </datafield>
</record>
